| 000 | 00646nam a2200217Ia 4500 | ||
|---|---|---|---|
| 003 | GCL | ||
| 008 | 140319s9999 xx 000 0 ara d | ||
| 040 |
_aGCL / _cGCL |
||
| 082 | 0 | 4 |
_a746.43 _bن ت |
| 100 | 1 | _aنادية ابراهيم محمد | |
| 245 | 1 | 0 |
_aالتريكو فن وصناعة / _cنادية ابراهيم محمد |
| 260 |
_a[S.N] : _bالدار المصرية اللبنانية ، _c1992 |
||
| 300 | _a525 ص | ||
| 490 | _a | ||
| 650 | 0 | 4 | _aالاقتصاد المنزلى |
| 650 | 0 | 4 | _aشغل الابرة |
| 650 | 0 | 4 | _aالتطريز |
| 650 | 0 | 4 | _aالتريكو |
| 650 | 0 | 4 | _aشغل الخرز |
| 942 |
_2ddc _cBK |
||
| 999 |
_c33372 _d33372 |
||